Complete the Card - WWE SummerSlam 2012 - Statistics

General Stats
  • This quiz has been taken 379 times
  • The average score is 15 of 19
Answer Stats
Answer % Correct
John Cena
98%
CM Punk
97%
The Big Show
94%
Triple H
93%
The Miz
91%
Alberto Del Rio
89%
Sheamus
87%
Kane
86%
Brock Lesnar
85%
Kofi Kingston
85%
Dolph Ziggler
83%
Daniel Bryan
81%
R-Truth
77%
Antonio Cesaro
72%
Chris Jericho
67%
Santino Marella
64%
Rey Mysterio
62%
Darren Young
47%
Titus O'Neil
47%
No matching quizzes found
Score Distribution
Percent of People with Each Score
Percentile by Number Answered
Your Score History
You have not taken this quiz